000 00490pab a2200169 454500
008 180718b1998 xxu||||| |||| 00| 0 eng d
100 _aGrossbard-Shechtman, Shoshana
245 _aThe extra burden of Moslem wives: clues from Israeli women's labor supply
260 _c1998
300 _ap.491-517
362 _aApr
650 _aLabour supply - Israel
650 _aMuslim women
700 _aNeuman, Shoshana
773 _aEconomic Development and Cultural Change
909 _a38364
999 _c38364
_d38364